Normal view
MARC view
- Supervisor Dr. Arslan Shoukat
Entry Personal Name
001 - CONTROL NUMBER
- control field: 72690
003 - CONTROL NUMBER IDENTIFIER
- control field: NUST
005 - DATE AND TIME OF LATEST TRANSACTION
- control field: 20210628204855.0
008 - FIXED-LENGTH DATA ELEMENTS
- fixed length control field: 210628|| aca||aabn | a|a d
040 ## - CATALOGING SOURCE
- Original cataloging agency: NUST
- Transcribing agency: NUST
100 ## - HEADING--PERSONAL NAME
- Personal name: Supervisor Dr. Arslan Shoukat
670 ## - SOURCE DATA FOUND
- Source citation: Work cat.: (NUST): Muhammad Abbas Hussain 72688, TH-SOF-1742-Classification of White Blood Cells from Microscopic Images, 2020
